00366nam a2200109Ia 4500008004100000041000800041100001700049245012400066260003100190300000800221700002700229250110s9999 xx 000 0 und d aeng aWagh Ankita. aUnderstanding Microclimate And Address Design Solution To Improve Pedestrian Experience : A Case Of Pilgrim Town Shirdi bBNCA M Arch EA, Punec2019 a60p aGuide Name:Nawle Rahul